Online Catalogue and eLibrary

Tamizh ilakkiya varalaru (Record no. 4172)

MARC details
000 -LEADER
fixed length control field 00388nam a2200157Ia 4500
005 - DATE AND TIME OF LATEST TRANSACTION
control field 20250401011752.0
008 - FIXED-LENGTH DATA ELEMENTS--GENERAL INFORMATION
fixed length control field 240331s9999 xx 000 0 und d
082 ## - DDC Classification
Item Number - Author Mark VAR
Class No. 894
100 ## - MAIN ENTRY--PERSONAL NAME
Personal name Varadarajan, M
245 #0 - TITLE STATEMENT
Title Tamizh ilakkiya varalaru
250 ## - EDITION STATEMENT
Edition statement 7th
260 ## - PUBLICATION, DISTRIBUTION, ETC.
Place of publication, distribution, etc. New Delhi
Name of publisher, distributor, etc. Sahitya Akademi
Date of publication, distribution, etc. 1989
300 ## - PHYSICAL DESCRIPTION
Extent (e.g. Volumes, Pages etc.) 397 p .,
500 ## - GENERAL NOTE
General note History Of Tamil Literature
942 ## - Koha item type (Biblio)
Koha item type Books in Stacks (Lending)
Holdings
Lost status Damaged status Collection code Home library Current library Shelving location Date acquired Full call number Accession Number Item type
    Lending WERC Library WERC Library Social Science Cupboard 03/31/2024 894.811 VAR 839 Books in Stacks (Lending)

© WERC Library